=LDR 00000nam 2200000 4500 =001 INLIS000000000014120 =005 20130612105420 =008 ***********************************Ind** =035 ##$$0010-061300000014120 =041 ##$$a Ind =082 ##$$a 749.63 =090 ##$$a 749.63, Ran l =100 ##$$a Ranti, Sharmi =245 ##$$a Lampu, Sharmi Ranti =260 ##$$a 1990 $b Jakarta =300 ##$$a 120 hlm, Ilus, 28 cm =650 ##$$a Lampu =850 ##$$a NBPNMAT